000
00322nam a22001337a 4500
008
190205b xxu||||| |||| 00| 0 eng d
020
_a
0801520533
041
_a
eng
080
_a
038
100
_a
23
101
_a
FJA
245
_a
The Dictionary of Foreign Terms in the English Language
_c
Carroll,D
942
_2
udc
_c
BK
999
_c
54057
_d
54057